Nửa cõi sơn hà

שמור ב:
מידע ביבליוגרפי
מחבר ראשי: Nam, Kim Thạch
פורמט: ספר
שפה:Undetermined
יצא לאור: Hà Nội Lao Động 2003
נושאים:
תגים: הוספת תג
אין תגיות, היה/י הראשונ/ה לתייג את הרשומה!
Thư viện lưu trữ: Trung tâm Học liệu Trường Đại học Cần Thơ
LEADER 00499nam a2200193Ia 4500
001 CTU_96010
008 210402s9999 xx 000 0 und d
020 |c 40000 
082 |a 895.13 
082 |b Th102/T.3 
100 |a Nam, Kim Thạch 
245 0 |a Nửa cõi sơn hà 
245 0 |c Nam Kim Thạch 
260 |a Hà Nội 
260 |b Lao Động 
260 |c 2003 
650 |a Chinese fiction 
904 |i Tuyến 
980 |a Trung tâm Học liệu Trường Đại học Cần Thơ